000 00294nam a22001217a 4500
082 _a001
_bKUR/I
100 _aWOLBERS MARIAN
245 _aINSECTS
_bTHE CHILDREN'S TREASURY OF KNOWLEDGE
260 _aHONGKONG
_bKODANSHA
_c1988
300 _a110
650 _aGENERAL KNOWLEDGE
_zCHINA
942 _cBK
999 _c1910
_d1910